000 01147nam a22003137a 4500
001 BR7000771
003 BR-BrBNA
005 20230928083616.0
007 ta
008 230509b bl.||||| |||| 00| 0 por d
040 _aBR-BrBNA
_bpor
_cBiblioteca Nacional de Agricultura
041 _a(Por)
072 _aP10; F24; P12
_b/G514
_b/GZ35
_b/GZ65
090 _ P10 BR7000771
110 1 _aSuperintendencia do Vale do Sao Francisco, Rio de Janeiro, GB (Brasil)
_910220
245 1 _aReconhecimento dos recursos hidraulicos e de solos da Bacia do Rio Sao Francisco [Reconhecimento do solo; Irrigacao; Politica de desenvolvimento; Brasil]
_bv. 1 Convenio SUDENE-SUVALE-CHESF-USAID
260 3 _aRio de Janeiro, GB (Brasil):
_c1970.
300 _a303 p.
500 _a47 illus.; 44 tables; 20 Maps (scale 1:10,000 to 1:800,000)Summary (Por)
650 _aRECONHECIMENTO DO SOLO
650 _aIRRIGACAO
650 _aPOLITICA DE DESENVOLVIMENTO
650 _aRECURSO HIDRICO
650 _aLEVANTAMENTO FISIOGRAFICO
650 _aBACIA HIDROGRAFICA
650 _aRIO SAO FRANCISCO
909 _a202309
_bLucia
_c55
_dLucia Elande
942 _cBK
999 _c14449
_d14449